|
|
|
|
| LEADER |
00000cam a2200000 4500 |
| 001 |
vtls012280571 |
| 003 |
SK-MaSNL |
| 005 |
20260426004010.0 |
| 008 |
250730s2024 xo a f ln 001 0 slo |
| 015 |
|
|
|a SNBA2025/10
|
| 020 |
|
|
|a 9788057107279
|q (brožované)
|
| 020 |
|
|
|a 9788057107286
|q (pdf)
|
| 040 |
|
|
|a SNK
|b slo
|c SNK
|e rda
|
| 041 |
0 |
|
|a slo
|
| 043 |
|
|
|a e-xo---
|
| 044 |
|
|
|a xo
|c SK
|
| 072 |
|
7 |
|a 349
|x Pracovné, sociálne, stavebné právo. Právo životného prostredia
|2 konspekt
|
| 080 |
|
|
|a 349.22:005.956
|2 2011
|
| 080 |
|
|
|a (048.8)
|2 2011
|
| 080 |
|
|
|a (437.6)
|2 2011
|
| 080 |
|
|
|a 349.2
|2 2011
|
| 080 |
|
|
|a 331.106
|2 2011
|
| 100 |
1 |
|
|a Dušeková Schuszteková, Simona,
|d 1976-
|4 aut
|9 212168
|
| 245 |
1 |
0 |
|a Neplatné skončenie pracovného pomeru
|c Simona Dušeková Schuszteková
|
| 250 |
|
|
|a 2., doplnené a prepracované vydanie
|
| 264 |
|
1 |
|a Bratislava
|b Wolters Kluwer SR
|c 2024
|
| 300 |
|
|
|a 108 strán
|b tabuľky
|c 21 cm
|
| 336 |
|
|
|a text
|b txt
|2 rdacontent
|
| 337 |
|
|
|a bez média
|b n
|2 rdamedia
|
| 338 |
|
|
|a zväzok
|b nc
|2 rdacarrier
|
| 490 |
1 |
|
|a Pracovné právo
|
| 500 |
|
|
|a Obsahuje zoznam skratiek
|
| 500 |
|
|
|a Obsahuje profesijné údaje o autorke
|
| 500 |
|
|
|a Obsahuje poznámky pod čiarou
|
| 500 |
|
|
|a Právny stav publikácie je k 31.12.2024
|
| 504 |
|
|
|a Obsahuje bibliografiu, bibliografické odkazy a register
|
| 650 |
0 |
7 |
|a skončenie pracovného pomeru
|2 SNKPH
|9 202865
|
| 650 |
0 |
7 |
|a Termination of employment
|2 SNKPHeng
|9 363464
|
| 650 |
0 |
7 |
|a pracovné právo
|2 SNKPH
|9 982
|
| 650 |
0 |
7 |
|a Labor laws and legislation
|2 SNKPHeng
|9 266962
|
| 650 |
0 |
7 |
|a pracovnoprávne vzťahy
|2 SNKPH
|9 2338
|
| 650 |
0 |
7 |
|a Labor-law relations
|2 SNKPHeng
|9 318288
|
| 651 |
|
7 |
|a Slovensko
|2 SNKPHgeo
|9 14231
|
| 651 |
|
7 |
|a Slovakia
|2 SNKPHeng
|9 92630
|
| 655 |
|
7 |
|a monografie
|2 SNKPH
|9 70139
|
| 655 |
|
7 |
|a Monographs
|2 SNKPHeng
|9 120675
|
| 700 |
1 |
|
|a Švec, Marek,
|d 1984-
|4 rev
|9 253732
|
| 700 |
1 |
|
|a Žuľová, Jana,
|d 1985-
|4 rev
|9 200320
|
| 700 |
1 |
|
|a Horecký, Jan
|4 rev
|
| 700 |
1 |
|
|a Rak, Pavol,
|d 1977-
|4 rev
|9 220413
|
| 700 |
1 |
|
|a Bareán Žolnová, Tatiana
|4 bjd
|9 373896
|
| 830 |
|
0 |
|a Pracovné právo (Wolters Kluwer)
|9 625639
|
| 852 |
|
|
|a Slovenská národná knižnica
|
| 919 |
|
|
|a 978-80-571-0727-9
|
| 954 |
|
|
|a odborná, vedecká literatúra pôvodná (slovenská)
|2 lita
|
| 958 |
|
|
|a NB
|
| 999 |
|
|
|c 960962
|d 962892
|
| 952 |
|
|
|a SNK
|b SNK
|y PREZ
|7 0
|p 17A1580368
|o snkSC 211834
|i snk2025/14913
|8 0
|0 0
|1 0
|4 0
|d 2025-09-23
|l 0
|r 2026-02-24 10:18:25
|w 2026-02-24
|
| 952 |
|
|
|t 2
|a SNK
|b SNK
|y VYP
|7 0
|p 17A1584791
|o snkSC 211834 D1
|i snk2026/3656
|8 3
|g 10.99
|0 0
|1 0
|2 udc
|4 0
|d 2026-03-16
|l 0
|r 2026-03-16 13:30:04
|w 2026-03-16
|